Á lódáil...
Adult students: education selection and social control
| Main Authors: | , |
|---|---|
| Foilsithe: |
London, Frainces Pinter
1975
|
| Ábhair: |
| LEADER | 004610000a22001450004500 | ||
|---|---|---|---|
| 020 | |a 0-903-80409-3 | ||
| 082 | |a 374 L5 | ||
| 100 | |a Hopper, Earl | ||
| 100 | |a Osborn, Marilyn | ||
| 245 | |a Adult students: education selection and social control | ||
| 260 | |a London, Frainces Pinter | ||
| 260 | |c 1975 | ||
| 650 | |a Adult education | ||
| 999 | |c 88659 |d 88659 | ||
| 952 | |0 0 |1 0 |4 0 |6 374_000000000000000_L5 |7 0 |9 80994 |a SBES |b SBES |d 2016-08-12 |l 0 |o 374 L5 |p SBES00900 |r 2016-08-12 |w 2016-08-12 | ||